Граждане! 24 сентября выборы в местную городскую Районную думу. Перед Районной думой большая, ответственная и чисто деловая работа (Запись № 11908214)

Подробности
000 -МАРКЕР
контрольное поле 03641nam0a2200517 4500
001 - ИДЕНТИФИКАТОР ЗАПИСИ
контрольное поле RU\NLR\BIBL_A\011198718
005 - ИДЕНТИФИКАТОР ВЕРСИИ
контрольное поле 20250625214939.0
020 ## - НОМЕР ДОКУМЕНТА В НАЦИОНАЛЬНОЙ БИБЛИОГРАФИИ
Код страны российская федерация
Основное заглавие издания Российской книжной палаты От Февраля к Октябрю: коллекция листовок/Рос. нац. б-ка
035 ## - ДРУГИЕ СИСТЕМНЫЕ НОМЕРА
Идентификатор записи (NLR Aleph) 011198718
100 ## - ДАННЫЕ ОБЩЕЙ ОБРАБОТКИ
Данные общей обработки 20160822d1917 |||y0rusy50 ca
101 0# - ЯЗЫК РЕСУРСА
Язык текста, звукозаписи и т.д. русский
102 ## - СТРАНА ПУБЛИКАЦИИ ИЛИ ПРОИЗВОДСТВА
Страна публикации российская федерация
105 ## - ПОЛЕ КОДИРОВАННЫХ ДАННЫХ: ТЕКСТОВЫЕ МАТЕРИАЛЫ, МОНОГРАФИЧЕСКИЕ
Кодированные данные о монографическом текстовом документе y z 000yy
135 ## - ПОЛЕ КОДИРОВАННЫХ ДАННЫХ: ЭЛЕКТРОННЫЕ РЕСУРСЫ
Кодированные данные для электронного ресурса crcn 024apada
200 1# - ЗАГЛАВИЕ И СВЕДЕНИЯ ОБ ОТВЕТСТВЕННОСТИ
Основное заглавие Граждане! 24 сентября выборы в местную городскую Районную думу. Перед Районной думой большая, ответственная и чисто деловая работа
Сведения, относящиеся к заглавию [листовка]
Первые сведения об ответственности Трудовая народно-социалистическая партия
210 ## - ПУБЛИКАЦИЯ, РАСПРОСТРАНЕНИЕ И ДР.
Место издания, распространения и т.д. Москва [Московская губ.]
Имя издателя, распространителя и т. д. типогр. Т-ва "Задруга"
Дата издания, распространения и т.д. [1917, сентябрь, до 24]
215 ## - ФИЗИЧЕСКАЯ ХАРАКТЕРИСТИКА
Специфическое обозначение материала и объем [1] л.
Размеры 76х52
300 ## - ОБЩИЕ ПРИМЕЧАНИЯ
Текст примечания Перед текстом: Все для народа, - все через народ!
300 ## - ОБЩИЕ ПРИМЕЧАНИЯ
Текст примечания В середине текста: Граждане! Голосуйте за список № 2
300 ## - ОБЩИЕ ПРИМЕЧАНИЯ
Текст примечания Под текстом: Голосуйте за список № 2
300 ## - ОБЩИЕ ПРИМЕЧАНИЯ
Текст примечания Справа и слева от текста: № 2; по центру листовки: Список 2 номер второй
300 ## - ОБЩИЕ ПРИМЕЧАНИЯ
Текст примечания Коллекция листовок "От Февраля к Октябрю" (2 экз.)
316 ## - ПРИМЕЧАНИЯ ОБ ОСОБЕННОСТЯХ ЭКЗЕМПЛЯРА
Текст примечания В экз. на шифре Фл X/167 оборван правы верхний угол без потери текста
Организация и экземпляр, к которому относится поле NLR
325 1# - ПРИМЕЧАНИЕ О КОПИИ
Текст примечания Копия доступна в Электронной библиотеке РНБ
327 1# - ПРИМЕЧАНИЯ О СОДЕРЖАНИИ
Текст примечания Призыв голосовать за кандидатов Трудовой народно-социалистической партии на выборах в районные думы г. Москвы
517 1# - ДРУГИЕ ВАРИАНТЫ ЗАГЛАВИЯ
Вариант заглавия 24 сентября выборы в местную городскую Районную думу. Перед Районной думой большая, ответственная и чисто деловая работа
517 1# - ДРУГИЕ ВАРИАНТЫ ЗАГЛАВИЯ
Вариант заглавия Перед Районной думой большая, ответственная и чисто деловая работа
540 1# - ДОПОЛНИТЕЛЬНОЕ ЗАГЛАВИЕ, ПРИМЕНЯЕМОЕ КАТАЛОГИЗАТОРОМ
Заглавие Все для народа, - все через народ!
540 1# - ДОПОЛНИТЕЛЬНОЕ ЗАГЛАВИЕ, ПРИМЕНЯЕМОЕ КАТАЛОГИЗАТОРОМ
Заглавие Граждане! Голосуйте за список № 2
540 1# - ДОПОЛНИТЕЛЬНОЕ ЗАГЛАВИЕ, ПРИМЕНЯЕМОЕ КАТАЛОГИЗАТОРОМ
Заглавие Голосуйте за список № 2
540 1# - ДОПОЛНИТЕЛЬНОЕ ЗАГЛАВИЕ, ПРИМЕНЯЕМОЕ КАТАЛОГИЗАТОРОМ
Заглавие Список 2 номер второй
540 1# - ДОПОЛНИТЕЛЬНОЕ ЗАГЛАВИЕ, ПРИМЕНЯЕМОЕ КАТАЛОГИЗАТОРОМ
Заглавие Призыв голосовать за кандидатов Трудовой народно-социалистической партии на выборах в районные думы г. Москвы
540 1# - ДОПОЛНИТЕЛЬНОЕ ЗАГЛАВИЕ, ПРИМЕНЯЕМОЕ КАТАЛОГИЗАТОРОМ
Заглавие От Февраля к Октябрю
Сведения о заглавии листовки
606 1# - НАИМЕНОВАНИЕ ТЕМЫ КАК ПРЕДМЕТ
Наименование темы Органы местного самоуправления
Формальный подзаголовок Листовки
Тематический подзаголовок Выборы
Хронологический подзаголовок 1917
Системный номер авторитетной/нормативной записи 2277614
Идентификатор авторитетной/нормативной записи RU\NLR\AUTH\6601593246
607 ## - ГЕОГРАФИЧЕСКОЕ НАИМЕНОВАНИЕ КАК ПРЕДМЕТ
Географическое наименование Россия
Формальный подзаголовок Листовки
Тематический подзаголовок История
Хронологический подзаголовок 1917
Системный номер авторитетной/нормативной записи 2250871
Идентификатор авторитетной/нормативной записи RU\NLR\AUTH\661350120
686 0# - ИНДЕКСЫ ДРУГИХ КЛАССИФИКАЦИЙ
Индекс Т3(2)524.2,011
686 0# - ИНДЕКСЫ ДРУГИХ КЛАССИФИКАЦИЙ
Индекс Т3(2)711.19-536,011
686 1# - ИНДЕКСЫ ДРУГИХ КЛАССИФИКАЦИЙ
Индекс Т3(2-2М)711.1,011
852 00 - МЕСТОНАХОЖДЕНИЕ И ШИФР ХРАНЕНИЯ
Идентификатор организации NLR
Наименование фонда или коллекции (Sub-Location Identifier) Фл
Шифр хранения (Call Number) X/167
942 ## - ДОПОЛНИТЕЛЬНЫЕ ЭЛЕМЕНТЫ ЗАПИСИ (АБИС)
Тип экземпляра АБИС Книга
980 ## - КОЛЛЕКЦИЯ
Название коллекции Национальная библиография
981 42 - КОЛЛЕКЦИЯ ЭЛЕКТРОННОЙ БИБЛИОТЕКИ
Название коллекции 1917: от Февраля к Октябрю
Название подколлекции Листовки 1917 года

Нет доступных экземпляров.